| 000 | 01056nam a2200373 4500 | ||
|---|---|---|---|
| 001 | 175746 | ||
| 003 | DO-SdBNP | ||
| 005 | 20180326135325.0 | ||
| 007 | 175746 | ||
| 008 | 880907s 1992 sp a 000 spa | ||
| 016 | 7 |
_a _z _2BPMSU |
|
| 017 |
_a _b |
||
| 020 | _a8434811677 | ||
| 035 | _a | ||
| 040 |
_aBPMSU _bspa _cBPMSU _e |
||
| 041 | 1 |
_aspa _h |
|
| 080 | 0 | _a | |
| 100 | 1 |
_aHeck, Elisabeth, _d1925- |
|
| 240 | 1 | 4 |
_aDer junge Drache. _lEspañol |
| 245 | 1 | 0 |
_aMiguel y el dragón / _cElisabeth Heck ; traducción Jesús Larriba ; ilustraciones Eckart Straube _h |
| 250 | _a11ª ed. | ||
| 260 |
_aMadrid : _bSM, _c1992. |
||
| 300 |
_a64 p. : _bil.; _c19 cm, |
||
| 490 | 1 |
_aEl barco de papel _v44 |
|
| 490 | 1 |
_aSerie blanca _v2 |
|
| 500 | _aTraducción de: Der jungue Drache | ||
| 700 | 1 | 2 |
_aLarriba, Jesús, _etr. |
| 700 | 1 | 2 |
_aStraube, Eckart, _eil. |
| 830 | 0 |
_aEl Barco de vapor _v44 |
|
| 830 | 0 |
_aSerie blanca _v2 |
|
| 942 |
_2ddc _cBK |
||
| 945 | _aInventariado, 2018 /LP | ||
| 956 |
_aVMATEO _b10 _c20151125 _hBPSMU _d00151 |
||
| 999 |
_c8899 _d8899 |
||